Retailové bankovnictví na konci devadesátých let

Zníženie distribučných nákladov retailového bankovníctva. Odklonenie transakcií z pobočiek banky na samoobslužné zariadenia. Vhodná prezentácia lacnejších distribučných kanálov klientovi.

Gespeichert in:
Bibliographische Detailangaben
1. Verfasser: Fiala, Libor
Weitere Verfasser: Kaczorová, Zuzana
Format: Buchkapitel
Sprache:Tschechisch
Schlagworte:
Tags: Tag hinzufügen
Keine Tags, Fügen Sie das erste Tag hinzu!

MARC

LEADER 00000naa a2200000 4500
001 r034640
005 20230929094250.6
041 0 |a cze 
044 |a CZ 
245 1 0 |a Retailové bankovnictví na konci devadesátých let  |c Libor Fiala, Zuzana Kaczorová 
520 |a Zníženie distribučných nákladov retailového bankovníctva. Odklonenie transakcií z pobočiek banky na samoobslužné zariadenia. Vhodná prezentácia lacnejších distribučných kanálov klientovi. 
610 2 0 |a bankovníctvo retailové 
610 2 0 |a banky obchodné 
610 2 0 |a pobočky bankové 
610 2 0 |a klienti 
610 2 0 |a kanály distribučné 
610 2 0 |a služby bankové 
610 2 0 |a ceny 
610 2 0 |a bankomaty 
610 2 0 |a náklady prevádzkové 
100 1 |a Fiala, Libor 
700 1 |a Kaczorová, Zuzana